| 000 | 01240cam a22003014a 4500 | ||
|---|---|---|---|
| 999 |
_c17308 _d17308 |
||
| 001 | 12004635 | ||
| 005 | 20161123115828.0 | ||
| 008 | 000511s2001 at ab b 001 0 eng | ||
| 010 | _a 00040359 | ||
| 020 | _a0534575463 (student ed.) | ||
| 020 | _a0534377947 (instructor's ed.) | ||
| 040 |
_aDLC _cDLC _dDLC |
||
| 042 | _apcc | ||
| 050 | 0 | 0 |
_aQH308.2.S72 2001 _b.S72 2001 |
| 082 | 0 | 0 | _221 |
| 100 | 1 | _aStarr, Cecie. | |
| 245 | 1 | 0 |
_aBiology : _bthe unity and diversity of life / _cCecie Starr, Ralph Taggart ; Lisa Starr, biological illustrator. |
| 250 | _a9th ed. | ||
| 260 |
_aAustralia ; _aPacific Grove, CA : _bBrooks/Cole, _cc2001. |
||
| 300 |
_a1 v. (various pagings) : _bill. (some col.), col. maps ; _c29 cm. + _e1 computer optical disc (4 3/4 in.) |
||
| 500 | _aIncludes two plates of transparencies. | ||
| 504 | _aIncludes bibliographical references and indexes. | ||
| 650 | 0 | _aBiology. | |
| 700 | 1 | _aTaggart, Ralph. | |
| 700 | 1 | _aStarr, Lisa. | |
| 906 |
_a7 _bcbc _corignew _d1 _eocip _f20 _gy-gencatlg |
||
| 942 |
_2lcc _cBOOKS _hQH308.2.S72 2001 |
||